AH International Schools' Libraries

Wondrous women who chaged the world / (Record no. 47744)

MARC details
000 -LEADER
fixed length control field 00404nam a2200133 4500
020 ## - INTERNATIONAL STANDARD BOOK NUMBER
International Standard Book Number 9781684129515
100 ## - MAIN ENTRY--PERSONAL NAME
Personal name Jacoby, Jenny
9 (RLIN) 85573
245 ## - TITLE STATEMENT
Title Wondrous women who chaged the world /
Statement of responsibility, etc Jenny Jacoby & Maeva Collet
260 ## - PUBLICATION, DISTRIBUTION, ETC. (IMPRINT)
Place of publication, distribution, etc San Diego
Name of publisher, distributor, etc Thunder Bay Press
Date of publication, distribution, etc 2019
300 ## - PHYSICAL DESCRIPTION
Extent 64 p.
Other physical details col. ill.: (stationary)
Dimensions 30 cm.
490 ## - SERIES STATEMENT
Series statement Role Models
650 ## - SUBJECT ADDED ENTRY--TOPICAL TERM
Topical term or geographic name as entry element Wondrous Women
9 (RLIN) 85574
942 ## - ADDED ENTRY ELEMENTS (KOHA)
Source of classification or shelving scheme
Koha item type Book
Holdings
Withdrawn status Lost status Source of classification or shelving scheme Damaged status Not for loan Collection code Home library Current library Shelving location Date acquired Total Checkouts Full call number Barcode Date last seen Date checked out Price effective from Koha item type
          TEACHERS' RESOURCES Asian Hope Primary Library Asian Hope Primary Library Non Fiction 11/04/2024 1 920.72 JAC 204776 12/16/2025 11/26/2025 11/04/2024 Book

For any Logos Library related questions please contact Miss Art at swongnarasuk@asianhope.org.

For any Asian Hope Library related questions please contact Miss Raza at graza@asianhope.org.

Click here to explore our ebooks!

Powered by Koha